LEADER 00921nam a2200229 i 4500 001 000000127996 003 CaOOAMICUS 005 20040709000000.0 008 040709n it u000 u ita u 013 $a100713 040 $aSeMil$bita 100 1 $aCoppola, G.$0(OLS)http://semarc/name/53265 245 10$aPolis :$bmanuale di istituzioni pubbliche e private della Grecia /$cG. Coppola. 260 $aFirenze :$bVallecchi 300 $a136 p. ;$c20 cm. 500 $aContiene : Bibliografia. 650 4$aGrecia antica - Societą.$0(OLS)http://semarc/subject/18031 850 $aSeMil 852 $aSeMil$W1$xVenegono$y1$m1532 87 1 *$j82239$B82239$CSeMilBibl$Z2$F88564 $81 961 $aRecupero: Biblioteca Seminario Liceale 996 $6245$aPolis :$bmanuale di istituzioni pubbliche e private della Grecia$9(OLS)http://semarc/title/189058 996 $6260$aFirenze :$bVallecchi$9(OLS)http://semarc/publisher/29768 LEADER 00873nam a2200217 i 4500 001 000000056007 003 CaOOAMICUS 005 20100601000000.0 008 100601s1973 it u000 u ita u 013 $a27179 040 $aSeMil$bita 245 10$aTemi di pastorale della famiglia /$cVari autori ; a cura di Lino Baracco. 260 $aTorino-Leumann :$bElle Di Ci,$cimprim. 1973. 300 $aIX, 261 p. ;$c21 cm. 650 4$aFamiglie - Attivitą pastorale.$0(OLS)http://semarc/subject/2884 700 1 $aBaracco, Lino.$0(OLS)http://semarc/name/28234 850 $aSeMil 852 $aSeMil$W1$xVenegono$y1$m2F IV 256$j22161$B22161$CSeMilBibl$Z2$F22163 $81 961 $aOmaggio: Poma mons. Gianfranco 996 $6245$aTemi di pastorale della famiglia$9(OLS)http://semarc/title/86985 996 $6260$aTorino-Leumann :$bElle Di Ci$9(OLS)http://semarc/publisher/30113